| 000 | 00987nam a2200265 a 4500 | ||
|---|---|---|---|
| 008 | |||
| 049 | _aMAIN | ||
| 090 | _aTJ280.7 AME | ||
| 245 | 0 | 0 |
_aGeothermal scaling and corrosion : _bsymposia presented at New Orleans, La., 19-20 Feb. 1979, and Honolulu, Hawaii, 4-5 April 1979 / _cL.A. Casper and T.R. Pinchback, editors. |
| 260 |
_aPhiladephia, Pa. : _bAmerican Society for Testing and Materials, _cc1980. |
||
| 300 |
_a262 p. : _bill. ; _c24 cm. |
||
| 440 |
_aASTM special technical publication ; _v717. |
||
| 500 | _aIncludes index. | ||
| 504 | _aIncludes bibliographical references. | ||
| 650 | 0 |
_aGeothermal engineering _xCongresses. |
|
| 650 | 0 |
_aCorrosion and anti-corrosives _xCongresses. |
|
| 650 | 0 |
_aIncrustations _xCongresses. |
|
| 700 | 1 | _aCasper, L. A. | |
| 700 | 1 | _aPinchback, T. R. | |
| 907 |
_a.b10230609 _b13-02-07 _c13-02-07 |
||
| 003 | |||
| 005 | 20230123134353.0 | ||
| 040 | _cNUST | ||
| 942 |
_cBOOKS _kTJ280.7 AME |
||
| 999 |
_c164730 _d164730 |
||